[Event "48th Bosna it"]
[Site "Sarajevo BIH"]
[Date "2018.05.11"]
[Round "9.32"]
[White "Sesar, Ivan"]
[Black "Okovic, Edin"]
[Result "0-1"]
[WhiteElo "2122"]
[BlackElo "1879"]
[EventDate "2018.05.05"]
[PlyCount "82"]

1.e4 e5 2.Nf3 Nc6 3.Bc4 Bc5 4.O-O Nf6 5.d3 O-O 6.c3 d6 7.h3 Na5 8.Nbd2 
Nxc4 9.Nxc4 a6 10.Bg5 h6 11.Bxf6 Qxf6 12.Nh2 Qg6 13.Kh1 Be6 14.Ne3 Bxe3 
15.fxe3 f5 16.exf5 Bxf5 17.e4 Be6 18.Qe2 b5 19.Nf3 Rf4 20.Nd2 Raf8 21.Rxf4
Rxf4 22.Rf1 Qg3 23.Rf3 Rxf3 24.Nxf3 Bxa2 25.Qe1 Qf4 26.Qa1 Be6 27.Qd1 c5 
28.Qd2 Qg3 29.Qe1 Qg6 30.Kh2 a5 31.d4 exd4 32.cxd4 b4 33.dxc5 dxc5 34.Qa1 
Qxe4 35.Qxa5 Qf4+ 36.Kg1 Qe3+ 37.Kh2 Bc4 38.Qd8+ Kh7 39.Qd6 Bd3 40.Qe5 
Qxe5+ 41.Nxe5 c4 0-1

[Event "48th Bosna it"]
[Site "Sarajevo BIH"]
[Date "2018.05.11"]
[Round "9.33"]
[White "Stankovic, Dragan"]
[Black "Nenezic, Danilo"]
[Result "0-1"]
[WhiteElo "1919"]
[BlackElo "2116"]
[EventDate "2018.05.05"]
[PlyCount "80"]

1.e4 c5 2.Nf3 d6 3.d4 cxd4 4.Nxd4 Nf6 5.Nc3 a6 6.g3 e6 7.Bg2 Be7 8.O-O O-O
9.Be3 Qc7 10.Qe2 Nc6 11.Rad1 Bd7 12.f4 Nxd4 13.Bxd4 Bc6 14.Kh1 b5 15.a3 
Nd7 16.f5 Bf6 17.fxe6 fxe6 18.Qg4 Rae8 19.Ne2 Qb7 20.c3 a5 21.Ng1 b4 22.
axb4 axb4 23.Nh3 bxc3 24.bxc3 Qb3 25.Rb1 Qc4 26.Rfe1 Bxd4 27.cxd4 Qxd4 28.
Rbd1 Qe5 29.Nf4 Nf6 30.Qe2 Rb8 31.Qc4 Bd7 32.Qc7 Qb5 33.Qxd6 e5 34.Nd5 Bg4
35.Rc1 Qb2 36.Ne3 Bd7 37.Nc4 Qf2 38.Rf1 Qe2 39.Nxe5 Rb2 40.Rg1 Bh3 0-1

[Event "48th Bosna it"]
[Site "Sarajevo BIH"]
[Date "2018.05.11"]
[Round "9.34"]
[White "Levar, Nenad"]
[Black "Odzak, Senad"]
[Result "1-0"]
[WhiteElo "2075"]
[BlackElo "1802"]
[EventDate "2018.05.05"]
[PlyCount "111"]

1.d4 f5 2.c4 e6 3.Nc3 Nf6 4.g3 Bb4 5.Qb3 Nc6 6.e3 d5 7.a3 Bxc3+ 8.Qxc3 
dxc4 9.Bxc4 Nd5 10.Qc2 O-O 11.Ne2 Nce7 12.O-O b6 13.Rd1 a5 14.b3 Bb7 15.
Bb2 b5 16.Bxb5 Nxe3 17.fxe3 Qd5 18.Kf2 Qxb5 19.Qc4 Qd5 20.Qxd5 Bxd5 21.b4 
Rfb8 22.Bc3 a4 23.Nf4 c6 24.Rg1 Kf7 25.Nd3 Nc8 26.Ne5+ Ke7 27.g4 g6 28.Be1
Nd6 29.Ke2 Ne4 30.gxf5 exf5 31.Rc1 Ra6 32.Bg3 Rb7 33.Bf4 Nd6 34.h4 Kf6 35.
Nd3 Ne4 36.Be5+ Ke7 37.Nf4 Bf7 38.Nd3 Rb5 39.Bf4 Rd5 40.Ne5 Be8 41.h5 Rxe5
42.dxe5 Ke6 43.hxg6 Bxg6 44.Rh1 Rb6 45.Rc2 c5 46.bxc5 Rc6 47.Rhc1 Bh5+ 48.
Ke1 Bf3 49.Rc4 Rc8 50.R4c2 Rc6 51.Rh2 h5 52.Kf1 Rxc5 53.Rxc5 Nxc5 54.Rb2 
Kd5 55.Rb6 Ne4 56.e6 1-0

[Event "48th Bosna it"]
[Site "Sarajevo BIH"]
[Date "2018.05.11"]
[Round "9.35"]
[White "Sadikovic, Jasmin"]
[Black "Basic, Nemanja"]
[Result "1-0"]
[WhiteElo "2073"]
[BlackElo "1763"]
[EventDate "2018.05.05"]
[PlyCount "49"]

1.e4 c5 2.Nc3 Nc6 3.Bc4 e6 4.d3 Nf6 5.Bg5 Be7 6.Nge2 a6 7.a4 O-O 8.O-O Ne5
9.Bb3 h6 10.Bh4 Ng6 11.Bg3 d5 12.f4 Ng4 13.Bf2 Nxf2 14.Rxf2 c4 15.Ba2 d4 
16.Nb1 cxd3 17.cxd3 b5 18.Nd2 Qb6 19.a5 Qa7 20.Ng3 Bd6 21.Nh5 Bd7 22.Qg4 
Rfc8 23.f5 exf5 24.Qxg6 Bf8 25.Nf6+ 1-0

[Event "48th Bosna it"]
[Site "Sarajevo BIH"]
[Date "2018.05.11"]
[Round "9.36"]
[White "Zechner, Andrea"]
[Black "Hoeneveld, Maarten"]
[Result "0-1"]
[WhiteElo "1811"]
[BlackElo "2045"]
[EventDate "2018.05.05"]
[PlyCount "106"]

1.d4 d5 2.c4 c6 3.Nf3 Nf6 4.Nc3 dxc4 5.a4 Bf5 6.e3 e6 7.Bxc4 Nbd7 8.O-O 
Nb6 9.Bb3 Bb4 10.Qe2 Ne4 11.Nxe4 Bxe4 12.Ne5 O-O 13.f3 Bd5 14.Bc2 f6 15.
Nd3 Bc4 16.Rd1 Qe7 17.Qf2 Bd6 18.Qh4 Rad8 19.b3 Bxd3 20.Bxd3 f5 21.Qxe7 
Bxe7 22.Ba3 Bxa3 23.Rxa3 Nd5 24.Kf2 f4 25.exf4 Nxf4 26.b4 Rd6 27.g3 Nd5 
28.b5 Rfd8 29.bxc6 bxc6 30.Rb3 a5 31.Be4 Nb4 32.Rc1 Rxd4 33.Bxc6 Nd3+ 34.
Rxd3 Rxd3 35.Re1 Rd2+ 36.Re2 Kf7 37.Bb5 Ke7 38.Ke3 Rxe2+ 39.Bxe2 Kd6 40.
Ke4 Rc8 41.h4 Rc2 42.Bb5 Rb2 43.Be8 Rb4+ 44.Kd3 Kd5 45.h5 Rb3+ 46.Ke2 Kd4 
47.Bc6 Rb2+ 48.Kf1 Ke3 49.g4 h6 50.Kg1 Rf2 51.Bd7 e5 52.Bc6 Rxf3 53.Kg2 
Rf6 0-1

[Event "48th Bosna it"]
[Site "Sarajevo BIH"]
[Date "2018.05.11"]
[Round "9.37"]
[White "Bajic, Salko"]
[Black "Jovovic, Milan"]
[Result "1-0"]
[WhiteElo "1715"]
[BlackElo "2042"]
[EventDate "2018.05.05"]
[PlyCount "81"]

1.e4 c5 2.Nf3 d6 3.d4 cxd4 4.Nxd4 Nf6 5.Nc3 a6 6.Be2 e5 7.Nf3 Be7 8.h3 b5 
9.a3 Bb7 10.Bd3 O-O 11.O-O Nbd7 12.Bg5 Nc5 13.Qe2 Ne6 14.Be3 Nd7 15.Nd5 
Bxd5 16.exd5 Nec5 17.Bxc5 Nxc5 18.b4 Nxd3 19.Qxd3 f5 20.Qb3 Qc7 21.Nxe5 
Bf6 22.Nc6 Bxa1 23.Rxa1 Rae8 24.c4 Re4 25.cxb5 axb5 26.a4 bxa4 27.Rxa4 Qb6
28.Ra1 Rfe8 29.Qg3 f4 30.Qf3 Rxb4 31.Nxb4 Qxb4 32.h4 Qe4 33.Qxe4 Rxe4 34.
Ra6 Re1+ 35.Kh2 Re2 36.f3 Rd2 37.Rxd6 Kf7 38.Rd7+ Ke8 39.Rxg7 Rxd5 40.Rxh7
Kf8 41.Ra7 1-0

[Event "48th Bosna it"]
[Site "Sarajevo BIH"]
[Date "2018.05.11"]
[Round "9.38"]
[White "Markovic, Rade"]
[Black "Nestorovic, Katarina"]
[Result "0-1"]
[WhiteElo "1767"]
[BlackElo "2038"]
[EventDate "2018.05.05"]
[PlyCount "118"]

1.e4 c5 2.Nc3 Nc6 3.g3 e6 4.Bg2 g6 5.f4 Bg7 6.Nf3 Nge7 7.O-O O-O 8.d3 d6 
9.Be3 Nd4 10.e5 Nef5 11.Re1 Nxe3 12.Rxe3 d5 13.Ne2 Nf5 14.Qd2 Nxe3 15.Qxe3
b6 16.h4 Bb7 17.Qd2 Qc7 18.h5 Rad8 19.hxg6 hxg6 20.c3 Qd7 21.d4 Ba6 22.g4 
f6 23.Ng3 fxe5 24.fxe5 Qe7 25.g5 Kh7 26.Kf2 Rf7 27.Rh1+ Kg8 28.Kg1 Rxf3 
29.Bxf3 Rf8 30.Qe3 cxd4 31.cxd4 Qf7 32.Kg2 Qf4 33.Qxf4 Rxf4 34.Rd1 Bf8 35.
Kf2 Be7 36.Ne2 Rf5 37.Rc1 Bxg5 38.Rc6 Kf7 39.Rc7+ Be7 40.Rxa7 Bxe2 41.Kxe2
Rf4 42.Ke3 g5 43.Rb7 Rh4 44.Rxb6 g4 45.Bg2 Bd8 46.Rb7+ Kg6 47.b4 Bg5+ 48.
Kf2 Rh8 49.a4 Rf8+ 50.Kg3 Kh5 51.Rh7+ Kg6 52.Rh1 Bd2 53.Rb1 Kg5 54.Bf1 
Bf4+ 55.Kg2 Be3 56.Re1 Bxd4 57.a5 Kh4 58.Kh1 Rf2 59.Bg2 Kg3 0-1

[Event "48th Bosna it"]
[Site "Sarajevo BIH"]
[Date "2018.05.11"]
[Round "9.39"]
[White "Halilovic, Fahrudin"]
[Black "Terzic, Enes"]
[Result "1-0"]
[WhiteElo "2035"]
[BlackElo "1716"]
[EventDate "2018.05.05"]
[PlyCount "83"]

1.e4 d6 2.d4 g6 3.f4 Bg7 4.Nf3 e6 5.Bd3 Nf6 6.O-O O-O 7.c3 b6 8.Nbd2 Bb7 
9.Re1 c5 10.Nf1 Qc7 11.f5 exf5 12.exf5 c4 13.Bc2 Nbd7 14.Bf4 Nh5 15.Bg5 
Bf6 16.Qd2 Rae8 17.Ng3 Nxg3 18.hxg3 Bxf3 19.gxf3 Bxg5 20.Qxg5 Qd8 21.Qf4 
Qf6 22.Kf2 Kg7 23.Rh1 h5 24.Qd2 Rh8 25.Rae1 Rxe1 26.Qxe1 gxf5 27.Rh4 Qe6 
28.Qd2 f6 29.Rf4 Nf8 30.Bxf5 Qe7 31.Re4 Qf7 32.Qe2 Ng6 33.Bxg6 Qxg6 34.
Re7+ Kf8 35.Rxa7 Rh7 36.Ra8+ Kg7 37.Qxc4 Kh6 38.Qe2 Rf7 39.Qe4 f5 40.Rh8+ 
Kg7 41.Qe8 Kf6 42.Qd8+ 1-0

[Event "48th Bosna it"]
[Site "Sarajevo BIH"]
[Date "2018.05.11"]
[Round "9.40"]
[White "Kurtcehajlic, Suad"]
[Black "Strinic, Hamdija"]
[Result "1-0"]
[WhiteElo "1994"]
[BlackElo "1747"]
[EventDate "2018.05.05"]
[PlyCount "82"]

1.e4 d6 2.d4 g6 3.Be3 Bg7 4.Qd2 Nd7 5.Bd3 e5 6.Ne2 Ne7 7.Bh6 Bxh6 8.Qxh6 
b6 9.Qg7 Rf8 10.Qxh7 Bb7 11.Nbc3 c6 12.O-O-O Qc7 13.Qh3 O-O-O 14.dxe5 dxe5
15.Rd2 Kb8 16.Bc4 b5 17.Rhd1 Bc8 18.Qh4 Rfe8 19.Bb3 a5 20.a3 b4 21.Na4 c5 
22.Bd5 Nb6 23.Nxb6 Qxb6 24.Bc4 Be6 25.Rd6 Nc6 26.Bd5 Rc8 27.Bxe6 Rxe6 28.
f3 Qb5 29.Qe1 Nd4 30.Rd2 Re7 31.Nxd4 exd4 32.Qe2 c4 33.R2xd4 Rb7 34.a4 
Qxa4 35.Rxc4 Qa1+ 36.Kd2 Qxb2 37.Rxc8+ Kxc8 38.Rc6+ Kb8 39.Qd3 Qe5 40.Qd6+
Qxd6+ 41.Rxd6 Ka7 1-0

[Event "48th Bosna it"]
[Site "Sarajevo BIH"]
[Date "2018.05.11"]
[Round "9.41"]
[White "Salkic, Mahir"]
[Black "Celik, Eda"]
[Result "1/2-1/2"]
[WhiteElo "2033"]
[BlackElo "1831"]
[EventDate "2018.05.05"]
[PlyCount "20"]

1.d4 c5 2.d5 d6 3.e4 Nf6 4.Nc3 g6 5.Nf3 Bg7 6.Be2 Bg4 7.O-O O-O 8.Nd2 Bxe2
9.Qxe2 a6 10.a4 Nbd7 1/2-1/2

[Event "48th Bosna it"]
[Site "Sarajevo BIH"]
[Date "2018.05.11"]
[Round "9.42"]
[White "Korjenic, Esef"]
[Black "Camdzija, Samir"]
[Result "1-0"]
[WhiteElo "1939"]
[BlackElo "1822"]
[EventDate "2018.05.05"]
[PlyCount "54"]

1.d4 d5 2.Bg5 Nc6 3.e3 a6 4.Be2 Bf5 5.a3 Qd6 6.Nf3 f6 7.Bh4 O-O-O 8.O-O e6
9.c4 g5 10.Bg3 Qd7 11.b4 h5 12.h3 g4 13.hxg4 hxg4 14.Nh2 Nh6 15.c5 Nf7 16.
b5 axb5 17.Bxb5 Qe7 18.Nc3 Ng5 19.Qa4 Kd7 20.Na2 Qh7 21.Nb4 Nf3+ 22.gxf3 
gxf3 23.Rfd1 Qh3 24.Bf1 Qh5 25.Nxc6 bxc6 26.Qa7 Re8 27.Ba6 Be7 1-0

[Event "48th Bosna it"]
[Site "Sarajevo BIH"]
[Date "2018.05.11"]
[Round "9.43"]
[White "Muhibic, Cazim"]
[Black "Bies, Brian"]
[Result "1/2-1/2"]
[WhiteElo "1920"]
[BlackElo "1610"]
[EventDate "2018.05.05"]
[PlyCount "60"]

1.Nf3 d5 2.d4 Nf6 3.Bf4 e6 4.e3 c5 5.c3 Qb6 6.Qc1 Nc6 7.Nbd2 Be7 8.Ne5 Nh5
9.Nxc6 bxc6 10.Bg3 Nxg3 11.hxg3 cxd4 12.exd4 Rb8 13.b3 a5 14.Bd3 Ba6 15.
Qc2 h6 16.O-O O-O 17.Nf3 Rfc8 18.Ne5 Rc7 19.Rfe1 c5 20.Bh7+ Kf8 21.Nxf7 
Bf6 22.Ne5 cxd4 23.Ng6+ Kf7 24.Qd1 dxc3 25.Qh5 Bc8 26.Nh8+ Ke7 27.Qxd5 Bb7
28.Ng6+ Kf7 29.Qh5 Re8 30.Rad1 Bc8 1/2-1/2

[Event "48th Bosna it"]
[Site "Sarajevo BIH"]
[Date "2018.05.11"]
[Round "9.44"]
[White "Erceg, Slobodan"]
[Black "Zenelaj, Fisnik"]
[Result "0-1"]
[WhiteElo "1791"]
[BlackElo "1909"]
[EventDate "2018.05.05"]
[PlyCount "56"]

1.Nf3 Nf6 2.g3 e6 3.Bg2 d5 4.d4 Be7 5.O-O O-O 6.Nc3 c6 7.Re1 b6 8.e4 Ba6 
9.Ne5 Bb7 10.Ng4 dxe4 11.Nxe4 Nxg4 12.Qxg4 f5 13.Qh3 fxe4 14.Bxe4 g6 15.
Qxe6+ Rf7 16.c3 Qd7 17.Qb3 Kg7 18.Be3 Bf6 19.Rad1 Na6 20.d5 cxd5 21.Bxd5 
Bxd5 22.Rxd5 Qb7 23.Red1 Raf8 24.a4 Qc8 25.a5 Nc7 26.Rd6 bxa5 27.Bxa7 Ne8 
28.R6d5 Rxa7 0-1

[Event "48th Bosna it"]
[Site "Sarajevo BIH"]
[Date "2018.05.11"]
[Round "9.45"]
[White "Vujicic, Dragisa"]
[Black "Comor, Harun"]
[Result "1/2-1/2"]
[WhiteElo "1900"]
[BlackElo "1712"]
[EventDate "2018.05.05"]
[PlyCount "71"]

1.e4 e6 2.d4 d5 3.e5 c5 4.dxc5 Bxc5 5.Qg4 Kf8 6.Nf3 Qb6 7.Qg3 Ne7 8.Bd3 
Ng6 9.h4 Bd7 10.a4 Nc6 11.c3 Qc7 12.Bxg6 hxg6 13.O-O Ne7 14.Qg4 Nf5 15.b4 
Be7 16.g3 Rc8 17.Bd2 Qc4 18.Qxc4 Rxc4 19.Na3 Re4 20.Nc2 Rc4 21.Ne3 Nxe3 
22.fxe3 Rg4 23.Kf2 g5 24.hxg5 Bxg5 25.a5 Rh3 26.Rg1 Bd8 27.Rae1 Bc7 28.Rg2
Rh5 29.Rh2 Rxh2+ 30.Nxh2 Re4 31.Nf3 g5 32.Nxg5 Rxe5 33.e4 Bd8 34.Nf3 Rxe4 
35.Rxe4 dxe4 36.Ne5 1/2-1/2

[Event "48th Bosna it"]
[Site "Sarajevo BIH"]
[Date "2018.05.11"]
[Round "9.46"]
[White "Tomic, Jelena"]
[Black "Herega, Nejc"]
[Result "1-0"]
[WhiteElo "1881"]
[BlackElo "1600"]
[EventDate "2018.05.05"]
[PlyCount "85"]

1.e4 c5 2.c3 g6 3.d4 cxd4 4.cxd4 d5 5.e5 Nc6 6.Nc3 Bg7 7.Be3 Nh6 8.Qd2 Nf5
9.Nf3 e6 10.Be2 O-O 11.O-O Bd7 12.Bf4 f6 13.h3 fxe5 14.dxe5 Qa5 15.g4 Nfe7
16.Bg3 a6 17.Rfd1 Qc7 18.Rac1 Rac8 19.Na4 Rf7 20.Qe3 h6 21.Nc5 Rcf8 22.Kg2
Bc8 23.Nd4 Bxe5 24.Ndxe6 Qd6 25.Nxf8 Rxf8 26.Bxe5 Nxe5 27.Qxh6 Qf6 28.Qe3 
g5 29.b3 N7g6 30.Nd3 Nxd3 31.Bxd3 d4 32.Qg3 Nf4+ 33.Kh2 Qh6 34.Rc2 Bd7 35.
Bc4+ Kg7 36.Rxd4 Bc6 37.Rcd2 Rh8 38.Rd7+ Bxd7 39.Rxd7+ Kf8 40.Rf7+ Ke8 41.
Qe3+ Kd8 42.Qe7+ Kc8 43.Qc7# 1-0

[Event "48th Bosna it"]
[Site "Sarajevo BIH"]
[Date "2018.05.11"]
[Round "9.47"]
[White "Rakita, Jandrija"]
[Black "Janjic, Nikola"]
[Result "0-1"]
[WhiteElo "1688"]
[BlackElo "1874"]
[EventDate "2018.05.05"]
[PlyCount "78"]

1.e4 e5 2.d4 exd4 3.Qxd4 Nc6 4.Qc3 Bb4 5.Bd2 Bxc3 6.Bxc3 Nf6 7.Bd3 O-O 8.
Nf3 d6 9.h3 Re8 10.Nbd2 Ne5 11.Nh2 d5 12.Bxe5 Rxe5 13.f4 Re8 14.e5 Ne4 15.
Ndf3 Nc5 16.Be2 f6 17.O-O-O c6 18.c4 Qa5 19.a3 dxc4 20.Bxc4+ Be6 21.Bxe6+ 
Nxe6 22.g3 Rad8 23.exf6 Qc5+ 24.Kb1 Qf5+ 25.Ka1 Qxf6 26.Ng4 Qf5 27.Rde1 h5
28.Re5 Qc2 29.Ne3 Qf2 30.Rf1 Qxg3 31.Rxh5 Qxf4 32.Re5 Nd4 33.Ng2 Nb3+ 34.
Kb1 Nd2+ 35.Ka1 Qg3 36.Rg5 Nxf1 37.Rxg3 Nxg3 38.Ngh4 Re3 39.Ng5 Rd1+ 0-1

[Event "48th Bosna it"]
[Site "Sarajevo BIH"]
[Date "2018.05.11"]
[Round "9.48"]
[White "Hasanovic, Jakub"]
[Black "Kabadayi, Suleyman Arda"]
[Result "0-1"]
[WhiteElo "1866"]
[BlackElo "1514"]
[EventDate "2018.05.05"]
[PlyCount "56"]

1.d4 Nf6 2.c4 g6 3.Nc3 d5 4.Nf3 Bg7 5.e3 O-O 6.Bd3 c5 7.h3 Nc6 8.a3 dxc4 
9.Bxc4 cxd4 10.exd4 e6 11.O-O b6 12.Be3 Bb7 13.Ba2 Rc8 14.Qd2 Ne7 15.Ne5 
Ned5 16.Bh6 Nxc3 17.Bxg7 Kxg7 18.bxc3 Ne4 19.Qf4 Nxc3 20.Qd2 Nxa2 21.Rxa2 
Qd5 22.f3 Rfd8 23.Rd1 h5 24.f4 f6 25.Nf3 Rc4 26.a4 e5 27.fxe5 fxe5 28.dxe5
Qc5+ 0-1

[Event "48th Bosna it"]
[Site "Sarajevo BIH"]
[Date "2018.05.11"]
[Round "9.50"]
[White "Stanivukovic, Drago"]
[Black "Janjic, Jovo"]
[Result "0-1"]
[WhiteElo "1872"]
[BlackElo "1981"]
[EventDate "2018.05.05"]
[PlyCount "90"]

1.d4 d5 2.c4 e6 3.Nc3 Nf6 4.Bg5 Be7 5.e3 O-O 6.h4 Nbd7 7.Qc2 c5 8.Nf3 cxd4
9.exd4 dxc4 10.Bxc4 b6 11.Bd3 Bb7 12.O-O-O Rc8 13.Kb1 h6 14.Ne5 Nd5 15.Rh3
Nb4 16.Qe2 Nxd3 17.Qxd3 Nf6 18.f4 Rxc3 19.Qxc3 Ne4 20.Qe3 f6 21.Ng6 Rf7 
22.f5 fxg5 23.fxe6 Rf6 24.Nxe7+ Qxe7 25.d5 g4 26.Rhh1 Nd6 27.Qa3 a6 28.Rd4
Rf5 29.Rhd1 h5 30.Qb4 b5 31.Qa5 Nc4 32.Qe1 Nd6 33.b3 g6 34.Qa5 Rf8 35.Rc1 
Rc8 36.Rxc8+ Nxc8 37.g3 Qd6 38.Qd2 Ne7 39.Qh6 Bxd5 40.Rf4 Be4+ 41.Kc1 Qc5+
42.Kd2 Qc2+ 43.Ke1 Qc1+ 44.Ke2 Bf3+ 45.Kd3 Qb1+ 0-1

[Event "48th Bosna it"]
[Site "Sarajevo BIH"]
[Date "2018.05.11"]
[Round "9.51"]
[White "Kajevic, Dzevad"]
[Black "Musinovic, Mirsad"]
[Result "1-0"]
[WhiteElo "1979"]
[BlackElo "1561"]
[EventDate "2018.05.05"]
[PlyCount "62"]

1.d4 Nf6 2.c4 g6 3.Nc3 Bg7 4.e4 d6 5.f4 O-O 6.Nf3 c5 7.d5 e6 8.Be2 exd5 9.
cxd5 Re8 10.Qc2 Qe7 11.e5 Ng4 12.h3 Nh6 13.O-O Nf5 14.Bb5 Nd7 15.Re1 Rf8 
16.Qe4 a6 17.Bxd7 Bxd7 18.Kh2 Rfe8 19.Bd2 b5 20.a3 Nh4 21.g3 Bf5 22.Qe2 
Nxf3+ 23.Qxf3 Qc7 24.e6 Rac8 25.g4 Bc2 26.Rac1 Bb3 27.f5 gxf5 28.gxf5 Be5+
29.Bf4 Bxf4+ 30.Qxf4 Kh8 31.Qh6 Rg8 1-0

[Event "48th Bosna it"]
[Site "Sarajevo BIH"]
[Date "2018.05.11"]
[Round "9.52"]
[White "Trisha, Kanyamarala"]
[Black "Radaca, Nasir"]
[Result "1-0"]
[WhiteElo "1932"]
[BlackElo "1619"]
[EventDate "2018.05.05"]
[PlyCount "57"]

1.Nf3 c5 2.c4 d6 3.g3 e6 4.Nc3 Nc6 5.Bg2 Nf6 6.O-O Be7 7.d3 O-O 8.h3 Bd7 
9.a3 a6 10.d4 cxd4 11.Nxd4 Qc7 12.b3 Rfe8 13.Bb2 Rad8 14.e4 Qc8 15.Kh2 Bf8
16.Rc1 Re7 17.Re1 Ne8 18.Nd5 exd5 19.cxd5 Qa8 20.dxc6 bxc6 21.b4 Rc8 22.
Nb3 Be6 23.Na5 Rec7 24.f4 c5 25.f5 Bd7 26.e5 Qb8 27.e6 fxe6 28.fxe6 Bb5 
29.a4 1-0

[Event "48th Bosna it"]
[Site "Sarajevo BIH"]
[Date "2018.05.11"]
[Round "9.55"]
[White "Haskovic, Salih"]
[Black "Pleh, Semir"]
[Result "0-1"]
[WhiteElo "1857"]
[BlackElo "1766"]
[EventDate "2018.05.05"]
[PlyCount "30"]

1.e4 Nc6 2.Nf3 d6 3.Bb5 Bd7 4.Nc3 g6 5.d3 Bg7 6.Bd2 a6 7.Ba4 Nf6 8.O-O O-O
9.h3 e5 10.Bg5 Qc8 11.Kh2 b5 12.Bxf6 Bxf6 13.Bb3 Na5 14.Qd2 c6 15.Ne2 Nxb3
{nepregledno} 0-1

[Event "48th Bosna it"]
[Site "Sarajevo BIH"]
[Date "2018.05.11"]
[Round "9.59"]
[White "Fejzic, Danis"]
[Black "Beslija, Hana"]
[Result "1/2-1/2"]
[WhiteElo "1460"]
[BlackElo "1129"]
[EventDate "2018.05.05"]
[PlyCount "24"]

1.e4 e5 2.Nf3 Nf6 3.Nxe5 d6 4.Nf3 Nxe4 5.d3 Nf6 6.Be2 Nc6 7.O-O g6 8.Bg5 
Bg7 9.Nc3 Bg4 10.Qd2 Bxf3 11.Bxf3 Nd4 12.Qe3+ Ne6 1/2-1/2

[Event "48th Bosna it"]
[Site "Sarajevo BIH"]
[Date "2018.05.11"]
[Round "9.61"]
[White "Mahmutagic, Mevilda"]
[Black "Mattersberger, Melanie"]
[Result "0-1"]
[WhiteElo "1538"]
[BlackElo "1680"]
[EventDate "2018.05.05"]
[PlyCount "56"]

1.d4 Nf6 2.Bf4 e6 3.e3 b6 4.c3 Bb7 5.Nf3 c5 6.Bd3 Be7 7.Nbd2 O-O 8.Qc2 h6 
9.O-O-O Nc6 10.Rhg1 cxd4 11.exd4 Rc8 12.a3 Nd5 13.Bg3 d6 14.h3 Bf6 15.Nb3 
a5 16.Bb5 Nc7 17.Bxc6 Bxc6 18.Qd3 Bb5 19.Qe3 Ba4 20.Nfd2 Nb5 21.Rde1 Qd7 
22.Kb1 Qc6 23.c4 Bxb3 24.Nxb3 Qxc4 25.Rc1 Qd5 26.f3 Nxd4 27.Rgd1 Qf5+ 28.
Rd3 Nxb3 0-1